[Event "Campeonato Estadual de Mestres do  RJ 2"]
[Site "ALEX"]
[Date "2025.06.21"]
[Round "3.3"]
[White "De Albuquerque, Ian Telek C."]
[Black "Santos Filho, Tadeu Sousa"]
[Result "1-0"]
[WhiteElo "2175"]
[BlackElo "2035"]
[Annotator "CB - RR"]
[PlyCount "145"]
[EventDate "2025.06.19"]
[EventRounds "6"]
[EventCountry "BRA"]

1. e4 {Kritz,Leonid} e6 2. d4 d5 3. Nc3 Nf6 4. e5 Nfd7 5. f4 c5 6. Nf3 Nc6 7. Be3 Be7 8. Qd2 O-O 9. Be2 ({RR} 9. O-O-O c4 10. f5 b5 11. fxe6 fxe6 12. Nxb5 Rb8 13. Nd6 Bxd6 14. exd6 Nf6) ({RR} 9. dxc5 Bxc5 ({RR} 9... Nxc5 10. O-O-O Qa5 11. Kb1 Bd7 12. Nxd5 exd5 13. Qxa5 Nxa5 14. Bxc5 Bxc5 15. Rxd5) 10. O-O-O Qa5 11. Bxc5 Nxc5 12. h4 Bd7 13. h5 Rab8 14. h6) 9... a6 ({RR} 9... b6 10. O-O f5 ({RR} 10... Bb7 11. Nd1 cxd4 12. Nxd4 Nxd4 13. Bxd4 Nb8 14. Ne3 Nc6 15. c3) ({RR} 10... Ndb8 11. Rad1 Kh8 ({RR} 11... cxd4 12. Nxd4 Nxd4 13. Bxd4 Nc6 14. Be3 Bb7 15. Nb5) 12. Kh1 Ba6 13. f5 Bxe2 14. Nxe2 exf5 15. c3 cxd4 16. Nexd4) 11. exf6 Nxf6 12. Kh1 ({RR} 12. Bb5 Bb7 13. Bxc6 Bxc6 14. Ne5 Qc7 15. Rad1) 12... Ne4 ({RR} 12... Bb7 13. Rad1) 13. Qe1 ({RR} 13. Nxe4 dxe4 14. Bb5 exf3 15. Bxc6 fxg2+ 16. Qxg2 Rb8) 13... Bb7 14. Rd1 Qc7 15. dxc5 bxc5 16. Nxe4 dxe4 17. Ng5) 10. O-O b5 11. a3 ({RR} 11. Nd1 b4 12. Nf2 a5 13. dxc5 Bxc5 14. Bxc5 Nxc5 15. Bd3 Ba6 16. Qe3 Bxd3 17. cxd3 Na4 18. Rab1 Ne7 19. Rfc1 Qd7 20. Nd4) 11... f6 $146 ({RR} 11... Qb6 12. Nd1 a5 13. c3 a4 ({RR} 13... a4 14. Nf2 Na5 15. Rad1 Bb7 16. Bd3 Nc4 17. Qe2 Nxe3 18. Qxe3 b4 19. f5) 14. Rb1 Na5 15. Nf2 Bb7 16. Nd3 Nc4 17. Qc1 f6 18. exf6 gxf6 19. Bf2 Kh8 20. Re1 Rae8 21. Bf1 Bd6 22. Qd1 Qc7 23. dxc5 Nxc5 24. Nxc5 Bxc5 25. Bxc5 Qxc5+ 26. Qd4 {Van Haastert,E (2440)-Socko,B (2629) Leiden 2012 0-1 (56)}) ({RR} 11... Bb7 12. Kh1 Qc7 13. dxc5 ({RR} 13. Rad1 Rac8 14. Qe1 cxd4 15. Nxd4 Nxd4 16. Bxd4 Bc5 17. Qh4 Bxd4 18. Rxd4 f6 19. Bd3 h6 20. exf6 Rxf6 21. f5) ({RR} 13. Bd3 g6 14. dxc5 Nxc5 15. Ne2 Ne4 16. Qe1 b4 17. axb4 Nxb4 18. Nfd4 a5 19. b3 Ba6 20. Bxe4 dxe4 21. c4 Rfd8 22. Qg3 Bf8) 13... Nxc5 14. Qe1 ({RR} 14. Bd3 Nxd3 15. Qxd3 d4 16. Bxd4 Nxd4 17. Qxd4 Rfd8 18. Qe3 b4 19. axb4 Bxb4) 14... f6 ({RR} 14... Ne4 15. Bd3 ({RR} 15. Nxe4 dxe4 16. Nd2 ({RR} 16. Nd4 Nxd4 17. Bxd4 Qxc2 18. Rc1 Qa4 19. Qf2 Rac8) 16... Na5 17. b4 Nc4 18. Nxc4 bxc4) 15... Na5 16. Bd4) 15. Bxc5 ({RR} 15. exf6 Rxf6 16. Qf2 Nd7 17. Bd3 b4 18. axb4 Nxb4) 15... Bxc5 16. Bd3 f5 17. Ne2 d4 ({RR} 17... b4 18. axb4 Nxb4 19. Qc3 Rac8 20. Ned4) 18. b4 ({RR} 18. c3 dxc3 19. Qxc3 Qe7 20. Rac1 Bb6) 18... Bb6 19. a4 Qe7 ({RR} 19... bxa4 20. Rxa4 Qe7 21. Bc4) 20. axb5 axb5 21. Rb1 ({RR} 21. Bxb5 d3 22. Bxd3 Nxb4) 21... Ra2 ({RR} 21... Ba6 22. c3 dxc3 23. Qxc3 Rfc8) 22. Nc1 ({RR} 22. Qd2 Rd8 23. Bxb5) 22... Ra4 23. Bxb5 Rxb4 24. Nd3 ({RR} 24. Rxb4 Nxb4 25. Qd2 Bxf3 26. Rxf3 Rc8 27. Bd3 Nd5) 24... Rxb1 25. Qxb1 Rc8 ({RR} 25... Rb8 26. Bc4 Bc8 27. Qa2 Bd7 28. Ng5 Nd8 29. Rb1 h6 30. Nf3 Nc6) 26. Bc4 {Caruana,F (2775)-Meier,G (2644) Dortmund 2012 CBM 150 [Kritz,Leonid] ½-½ (58)} ({RR} 26. Ba6 Bxa6 27. Qxb6 Qa3 28. Rd1)) ({RR} 11... Qb6 12. Nd1 a5 13. c3 Bb7 14. Bf2 f6 15. exf6 Nxf6 16. dxc5 Bxc5 17. Bxc5 Qxc5+ 18. Qe3 Qxe3+ 19. Nxe3) ({RR} 11... Qc7 12. Nd1 Rb8 13. c3 a5 14. Bf2 b4 15. axb4 axb4 16. Ne3 Na5 17. Qd1 bxc3 18. bxc3 Nb3 19. Rb1 Na5 20. f5) ({RR} 11... Qb6 12. Nd1 a5 13. c3 a4 14. Nf2 Na5 15. dxc5 Bxc5 16. Bxc5 Nxc5 17. Qe3 Nc4 18. Bxc4 bxc4 19. Rae1 Rb8 20. Re2 Ba6 21. Nd4 Nb3 22. Rd1 Rfd8 23. g4 Nc5 24. h3 Re8 25. Kh2 Qc7 26. Qg3 {Kosintseva,T (2511)-Xu,Y (2483) Ningbo 2008 0-1 (46)}) ({RR} 11... Qb6 12. Nd1 cxd4 13. Nxd4 Nxd4 14. Bxd4 Qxd4+ 15. Qxd4 Bc5 16. c3 f6 17. Nf2 Bxd4 18. cxd4 Bb7 19. Nd3 Kf7 20. exf6 Kxf6 21. Bg4 g6 22. Rfe1 Rfe8 23. Rac1 Rac8 24. Rxc8 Bxc8 25. Rc1 g5 26. g3 {Quesada Perez,Y (2580)-Barsov,A (2513) Dresden 2008 1-0 (50)}) 12. dxc5 fxe5 13. Nxd5 Bxc5 14. fxe5 Bxe3+ 15. Nxe3 Ndxe5 16. Qc3 Nxf3+ 17. Bxf3 Bb7 18. Bxc6 Rc8 19. Rxf8+ Qxf8 20. Bxb7 Rxc3 21. bxc3 Qc5 22. Kf2 Qxc3 23. Rd1 Qxa3 24. Rd3 Qf8+ 25. Ke2 a5 26. Bc6 Qc5 27. Bd7 Qe5 28. Rb3 b4 29. Rd3 Kf7 30. h3 h5 31. Ba4 Kf6 32. Kd2 Qa1 33. Bb3 a4 34. Bc4 Qe5 35. Ke2 g6 36. Rd8 Ke7 37. Ra8 b3 38. cxb3 Qb2+ 39. Kd3 a3 40. b4 Qxb4 41. Ra6 Qb1+ 42. Kd4 Qb2+ 43. Ke4 Qb7+ 44. Kf4 Qb8+ 45. Kf3 Qb7+ 46. Kf2 Qb2+ 47. Kf3 Qb7+ 48. Ke2 Qb2+ 49. Kd3 Qb1+ 50. Nc2 Qf1+ 51. Kc3 Qxg2 52. Rxe6+ Kd7 53. Re3 Qf2 54. Rd3+ Kc7 55. Nxa3 g5 56. Nb5+ Kc6 57. Rd6+ Kc5 58. Rd5+ Kc6 59. Nd4+ Kb6 60. Rb5+ Kc7 61. Ne6+ Kc6 62. Nxg5 Qe1+ 63. Kd4 Qd2+ 64. Ke4 Qc2+ 65. Bd3 Qg2+ 66. Kd4 Qf2+ 67. Kc3 Qf6+ 68. Kb3 Qd4 69. Kc2 Qf2+ 70. Kc3 Qe1+ 71. Kd4 Qf2+ 72. Kc4 Kd6 73. Ne4+ 1-0

[Event "Campeonato Estadual de Mestres do  RJ 2"]
[Site "ALEX"]
[Date "2025.06.21"]
[Round "3.4"]
[White "Salles, Marvio Darilho"]
[Black "Frolov, Ivan"]
[Result "1/2-1/2"]
[WhiteElo "2041"]
[BlackElo "2013"]
[Annotator "CB - RR"]
[PlyCount "68"]
[EventDate "2025.06.19"]
[EventRounds "6"]
[EventCountry "BRA"]

1. Nf3 Nf6 2. g3 d5 3. Bg2 c6 4. O-O g6 5. b3 Bg7 6. Bb2 O-O 7. c4 Bf5 8. d3 Nbd7 9. Nd4 ({RR} 9. Nbd2 Re8 10. Nh4 Be6 11. Qc2 Rc8 12. b4 a5 13. a3 c5 14. b5 b6 15. e3 Qc7 16. h3 Rcd8 17. Rad1 h5 18. Nhf3 dxc4 19. Nxc4 Bd5 20. e4 Bb7 21. e5 Nh7 22. e6 fxe6 23. Qe2 Nhf8 {Harika,D (2511)-Huang,Q (2450) Huaian 2016 1-0 (68)}) 9... e5 ({RR} 9... a5 10. Nxf5 gxf5 11. Nd2 e6 12. Nf3 a4 13. Qc2 Qc7 14. cxd5 Nxd5 15. Bxg7 Kxg7 16. bxa4 Qa5 17. Qb2+ N7f6 18. Qxb7 Qxa4 19. Rfc1 Rfc8 20. Rc4 Qa3 21. Nd4 Rab8 22. Nxe6+ Kg8 23. Qxb8 Rxb8 24. Nd4 {Gutkin,I (2311)-Venkatesh,N (2203) chess.com INT 2025 1-0 (42)}) 10. Nxf5 gxf5 11. Qc2 $146 ({RR} 11. cxd5 cxd5 12. Nd2 Qe7 13. Nf3 Rfd8 14. Rc1 Ne8 15. Nh4 Qe6 16. Bh3 Nd6 17. e4 dxe4 18. dxe4 Nb6 19. Qe2 Qh6 20. Bxf5 Bf6 21. Qg4+ Qg5 22. Qh3 Qh6 23. Rfd1 Bxh4 24. gxh4 Qf4 25. Qg3+ Qxg3+ {Ianov,V (2298)-Pasti,A (2164) Zalakaros 2019 1-0 (51)}) ({RR} 11. cxd5 cxd5 12. d4 e4 13. e3 Re8 14. Bh3 Ng4 15. Bxg4 fxg4 16. Qxg4 Re6 17. Nc3 Rg6 18. Qh3 Nf8 19. Rac1 Ne6 20. Qf5 Rg5 21. Qh3 Rg6 22. Kg2 Qg5 23. Kg1 Qd8 24. f4 exf3 25. Qf5 Ng5 {Moskalenko,A (2490)-Lugovskoy,M (2436) Sochi 2016 1-0 (36)}) ({RR} 11. cxd5 Nxd5 12. Qd2 Re8 13. Nc3 Nxc3 14. Bxc3 Nf6 15. Rad1 Nd5 16. Bb2 Qe7 17. Bxd5 cxd5 18. Qa5 Qe6 19. Rc1 b6 20. Qa6 Qd7 21. Rc2 Rac8 22. Rfc1 Rxc2 23. Rxc2 f4 24. a4 fxg3 25. hxg3 e4 {Adelman,C (2240)-Fairbairn,S Las Vegas 1995 ½-½}) 11... Rc8 12. d4 e4 13. e3 Re8 14. Nc3 Nf8 15. Ne2 Ng6 16. Rac1 Qd7 17. Bh3 Ng4 18. cxd5 cxd5 19. Qd2 h5 20. Rxc8 Rxc8 21. Rc1 Bf8 22. Rxc8 Qxc8 23. Qc3 Qd8 24. Bc1 h4 25. Bd2 hxg3 26. hxg3 Qg5 27. Bg2 Qh5 28. Nf4 Nxf4 29. exf4 Nh2 30. Qe3 Bg7 31. Bc3 a6 32. Bb2 Kh7 33. Bc3 Bf6 34. Bb2 Kg7 1/2-1/2

[Event "Campeonato Estadual de Mestres do  RJ 2"]
[Site "ALEX"]
[Date "2025.06.21"]
[Round "3.5"]
[White "Fernandes, Silas Carvalho"]
[Black "Aipperspach, Joao Lizak"]
[Result "1-0"]
[WhiteElo "2033"]
[BlackElo "1896"]
[Annotator "CB - RR"]
[PlyCount "97"]
[EventDate "2025.06.19"]
[EventRounds "6"]
[EventCountry "BRA"]

1. d4 Nf6 2. c4 g6 3. Nc3 d5 4. Nf3 Bg7 5. e3 c5 6. Be2 ({RR} 6. cxd5 Nxd5 7. Bb5+ Nc6 8. O-O O-O 9. h3 cxd4 10. exd4 h6 11. Re1 Be6 12. Bxc6 bxc6 13. Ne4 Qb6 14. Nc5 Bf5 15. b3 Rfd8 16. Bb2 Nb4 17. Rxe7 Qxc5 18. dxc5 Rxd1+ 19. Rxd1 Bxb2 20. Rd6 a5 {Ioannidis,E (2499)-Vlassov,N (2291) chess.com INT 2024 ½-½ (56)}) 6... cxd4 7. Nxd4 dxc4 $146 ({RR} 7... O-O 8. cxd5 Nxd5 9. Nxd5 Qxd5 10. Bf3 Qd6 11. O-O Rd8 12. Qe2 Bxd4 13. exd4 Nc6 14. Be3 Be6 15. Rfd1 Bd5 16. Rd2 Bxf3 17. Qxf3 Qd5 18. Qe2 e5 19. dxe5 Qxe5 20. Rad1 Qe7 21. a3 Rxd2 22. Rxd2 {Kurkin,F (2015)-Grigorjev,Y (1968) Lipetsk 2010 ½-½ (41)}) ({RR} 7... O-O 8. cxd5 Nxd5 9. Nxd5 Qxd5 10. Bf3 Qa5+ 11. Bd2 Qb6 12. Bc3 Rd8 13. Qb3 Na6 14. O-O Nc5 15. Qxb6 axb6 16. Rfd1 Bd7 17. Rd2 Bxd4 18. Rxd4 Nb3 19. Bxb7 Ra7 20. Bd5 Nxa1 {0-1 (20) Barbashin,I (2169)-Andreev,E (2413) chess.com INT 2022}) ({RR} 7... O-O 8. cxd5 Nxd5 9. Nxd5 Qxd5 10. Bf3 Qa5+ 11. Bd2 Qb6 12. Bc3 Rd8 13. Qb3 Na6 14. O-O Nc5 15. Qxb6 axb6 16. Rfd1 Bd7 17. Rd2 Bxd4 18. Rxd4 Nb3 19. Bxb7 Ra7 20. Bd5 Nxa1 {0-1 (20) Barbashin,I (2169)-Andreev,E (2413) chess.com INT 2022}) 8. Qa4+ Bd7 9. Qxc4 O-O 10. O-O Nc6 11. Rd1 Qb6 12. Na4 Qa5 13. Bd2 Ne5 14. Qc5 Qxc5 15. Nxc5 Bc8 16. f4 Ned7 17. Ncb3 Nb6 18. Rac1 Nbd5 19. Bf3 Bh6 20. g3 Bg4 21. Kf2 Rac8 22. e4 Bxf3 23. Kxf3 Nb6 24. Nc5 Rfd8 25. Be3 Rb8 26. b4 Nbd7 27. Ndb3 Nxc5 28. Bxc5 Bf8 29. Bxa7 Rxd1 30. Rxd1 Ra8 31. Be3 Rxa2 32. e5 Ra3 33. Na5 Ng4 34. Kxg4 Rxe3 35. Nxb7 Rb3 36. Rd8 e6 37. Nc5 h5+ 38. Kh3 Rxb4 39. Nd7 Kg7 40. Nxf8 Rb5 41. Re8 Rb6 42. Nd7 Rb5 43. Nf6 Rb2 44. Kh4 Kh6 45. h3 Rb4 46. Rh8+ Kg7 47. Rh7+ Kf8 48. Kg5 Rb3 49. Kh6 1-0

[Event "Campeonato Estadual de Mestres do  RJ 2"]
[Site "ALEX"]
[Date "2025.06.21"]
[Round "3.6"]
[White "De Carvalho Jr, Rogerio Brambila"]
[Black "Celani, Guilherme Fontes"]
[Result "1-0"]
[WhiteElo "1943"]
[BlackElo "1876"]
[Annotator "CB - RR"]
[PlyCount "169"]
[EventDate "2025.06.19"]
[EventRounds "6"]
[EventCountry "BRA"]

1. d4 d5 2. c4 c6 3. cxd5 cxd5 4. Bg5 Nc6 5. Nc3 h6 6. Bh4 Nf6 ({RR} 6... g5 7. Bg3 Bg7 8. e3 Nf6 9. Bb5 Bf5 10. Nf3 O-O 11. Bxc6 bxc6 12. O-O Nd7 13. Rc1 Bg4 14. Na4 Rc8 15. Nc5 Re8 16. h3 Bh5 17. Nxd7 Qxd7 18. Ne5 Bxe5 19. Qxh5 Bxg3 20. fxg3 Qe6 21. Rc3 {Artemiev,V (2691)-Mamedov,R (2709) Huaian 2017 ½-½ (57)}) 7. Bxf6 exf6 8. e3 Be6 ({RR} 8... Bb4 9. Rc1 Qa5 10. a3 Bxc3+ 11. Rxc3 Be6 12. Bd3 Rc8 13. Ne2 Ne7 14. O-O Rxc3 15. Nxc3 O-O 16. Qb3 Qc7 17. Rc1 Qb8 18. Ne2 Rc8 19. Rc3 Rxc3 20. Qxc3 Qc8 21. h4 Qxc3 22. Nxc3 Kf8 23. h5 {Abrashkin,B (2407)-Jimenez Salas,M (2071) chess.com INT 2025 1-0 (70)}) 9. Bb5 $146 ({RR} 9. Bd3 a6 10. a4 Qb6 11. Qd2 Na5 12. Rd1 Nc6 13. Nge2 Nb4 14. Bb1 Bd6 15. O-O O-O 16. Ng3 Bxg3 17. hxg3 Nc6 18. Qd3 g6 19. Qe2 Kg7 20. Rd2 Na5 21. Qf3 Rfd8 22. Ba2 Qd6 23. Qe2 Rac8 {Tsamalaidze,L (1714)-Smirnova,V (1200) Sochi RUS 2023 ½-½ (31)}) ({RR} 9. Nge2 Bd6 10. g3 O-O 11. Bg2 Ne7 12. O-O Rc8 13. Qb3 Qa5 14. Rac1 a6 15. a3 Rc6 16. Qa2 Rfc8 17. b4 Qc7 18. h4 Rc4 19. Qb2 b5 20. Nb1 Bf5 21. Rxc4 bxc4 22. Nec3 Qb7 23. Nd2 Bd7 {Podgornova,A (1844)-Serikbay,A (2325) Moscow 2020 0-1 (37)}) ({RR} 9. Nge2 Bd6 10. g3 O-O 11. Bg2 Ne7 12. O-O Rc8 13. Qb3 Qa5 14. Rac1 a6 15. a3 Rc6 16. Qa2 Rfc8 17. b4 Qc7 18. h4 Rc4 19. Qb2 b5 20. Nb1 Bf5 21. Rxc4 bxc4 22. Nec3 Qb7 23. Nd2 Bd7 {Podgornova,A (1844)-Serikbay,A (2325) Moscow 2020 0-1 (37)}) 9... a6 10. Ba4 b5 11. Bb3 Bb4 12. Nge2 O-O 13. O-O Qd6 14. Rc1 Na5 15. Nf4 Nc4 16. Nd3 Ba5 17. Bxc4 dxc4 18. Nf4 Rad8 19. Ne4 Qe7 20. Nc5 Bc8 21. Qf3 Qd6 22. Nh5 Qc7 23. a3 Bb6 24. b4 f5 25. Rfd1 Rd6 26. Nf4 Rfd8 27. Qe2 Qe7 28. Qc2 Ba7 29. Ne2 Rg6 30. Nf4 Rgd6 31. a4 Be6 32. axb5 axb5 33. Ra1 Bb6 34. Ncxe6 fxe6 35. Ne2 R6d7 36. Nc3 Rc8 37. Rab1 Bd8 38. d5 Rb8 39. dxe6 Qxe6 40. Rxd7 Qxd7 41. Rd1 Qc8 42. Rd5 Qa6 43. Nxb5 Qa1+ 44. Rd1 Qe5 45. Qxc4+ Kh7 46. Nd4 Qd6 47. Qc5 Bc7 48. Qxd6 Bxd6 49. Nc6 Rxb4 50. Nxb4 Bxb4 51. f3 Kg6 52. Kf2 Bc5 53. Ke2 Kf6 54. h3 Ke6 55. g4 g6 56. Rc1 Be7 57. Rc6+ Bd6 58. gxf5+ gxf5 59. e4 fxe4 60. fxe4 Ke5 61. Rxd6 Kxd6 62. Kf3 Ke5 63. Ke3 Ke6 64. Kf4 Kf6 65. e5+ Ke6 66. Ke4 Ke7 67. Kf5 Kf7 68. h4 h5 69. Kg5 Ke6 70. Kxh5 Kxe5 71. Kg6 Ke6 72. h5 Ke7 73. h6 Kf8 74. h7 Ke7 75. h8=R Kd7 76. Kf6 Kd6 77. Rd8+ Kc7 78. Rd1 Kc6 79. Ke5 Kc7 80. Ke6 Kc6 81. Rc1+ Kb5 82. Kd6 Ka4 83. Rb1 Ka5 84. Kc6 Ka6 85. Ra1# 1-0

[Event "Campeonato Estadual de Mestres do  RJ 2"]
[Site "ALEX"]
[Date "2025.06.21"]
[Round "3.7"]
[White "Pessoa, Vitor Henrique Leop"]
[Black "Chaves, Jorge Antonio Torre"]
[Result "0-1"]
[WhiteElo "1869"]
[BlackElo "1935"]
[Annotator "CB - RR"]
[PlyCount "128"]
[EventDate "2025.06.19"]
[EventRounds "6"]
[EventCountry "BRA"]

1. e4 e5 2. Nf3 Nc6 3. Bc4 Nf6 4. O-O Bc5 5. c3 d6 6. d4 Bb6 7. dxe5 dxe5 ({RR} 7... Nxe5 8. Nxe5 dxe5 9. Qxd8+ Kxd8 10. Nd2 Ke7 11. a4 a5 12. b3 Bc5 13. Nf3 Nxe4 14. Nxe5 Be6 15. Bxe6 fxe6 16. Nd3 Bb6 17. c4 Bd4 18. Ba3+ Kf6 19. Rae1 Nd6 20. Re2 e5 21. Rfe1 Rae8 22. Nxe5 {Sanhueza,C (2185)-Munoz,F (2389) chess.com INT 2025 0-1 (64)}) 8. Qc2 ({RR} 8. Qe2 Qe7 9. Na3 O-O 10. Nc2 Be6 11. Bb5 Bd7 12. Bg5 a6 13. Bc4 Be6 14. Rad1 Bxc4 15. Qxc4 Rad8 16. Be3 {½-½ (16) Vajda,L (2519)-Kovacs,G (2521) Budapest 2010}) 8... h6 $146 ({RR} 8... Qe7 9. b4 O-O 10. a4 a5 11. b5 Nb8 12. Nbd2 Nbd7 13. Nb3 h6 14. Nh4 Nc5 15. Ng6 Qe8 16. Nxf8 Ncxe4 17. Ng6 Nxf2 18. Ba3 N2g4+ 19. Bc5 {1-0 (19) Kovacic,Z (2010)-Pongrac,F (1766) Nedelisce 2018}) 9. b3 O-O 10. Ba3 Re8 11. Rd1 Bd7 12. h3 Qc8 13. Nbd2 Nh5 14. Bf1 a6 15. Nc4 Ba7 16. Qd2 Nf6 17. Qc2 b5 18. Ne3 Bxe3 19. fxe3 Qb7 20. c4 b4 21. Bb2 Re7 22. c5 Rae8 23. Rd2 Nb8 24. Bd3 Bc6 25. Nxe5 Rxe5 26. Bxe5 Rxe5 27. Qb2 Nbd7 28. Rad1 Re8 29. Bc2 Ne5 30. Rd8 Ned7 31. Rxe8+ Nxe8 32. Qd4 Nf8 33. Bd3 Ne6 34. Qe5 Nf6 35. Bc4 Nd7 36. Qh5 Ndxc5 37. Rf1 Be8 38. Qd5 Qb6 39. Rf3 Qc6 40. Rg3 Nxe4 41. Rg4 Nf6 42. Qxc6 Bxc6 43. Bxe6 Nxg4 44. Bxg4 Be4 45. Kf2 Bb1 46. Bd1 Kf8 47. Ke1 g5 48. g3 Ke7 49. Kd2 Bf5 50. h4 Kd6 51. hxg5 hxg5 52. Bf3 Ke5 53. Bb7 a5 54. Bc6 Be4 55. Bd7 c5 56. Bc8 Bc6 57. Bh3 a4 58. Kc2 Be4+ 59. Kc1 a3 60. Bf1 f6 61. Bh3 Bh1 62. Bc8 Bf3 63. Bd7 Bd5 64. Kd2 Bxb3 0-1

[Event "Campeonato Estadual de Mestres do  RJ 2"]
[Site "ALEX"]
[Date "2025.06.21"]
[Round "3.9"]
[White "De Moura Silva, Guilherme"]
[Black "Nunes, Lino Dias"]
[Result "1-0"]
[WhiteElo "1911"]
[BlackElo "1571"]
[Annotator "CB - RR"]
[PlyCount "117"]
[EventDate "2025.06.19"]
[EventRounds "6"]
[EventCountry "BRA"]

1. e4 e5 2. Nf3 Nc6 3. Bc4 Bc5 4. O-O Nf6 5. d3 h6 6. c3 d6 7. b4 Bb6 8. a4 a5 9. b5 Ne7 10. h3 O-O 11. Re1 Ng6 12. d4 Re8 13. Qb3 Be6 14. Bxe6 Rxe6 15. dxe5 $146 ({RR} 15. Nbd2 d5 16. exd5 Nxd5 17. c4 Ndf4 18. c5 Ba7 19. Bb2 exd4 20. Qc4 Qe7 21. Nb3 d3 22. Rxe6 fxe6 23. Re1 Rf8 24. Bd4 c6 25. b6 Bb8 26. Kf1 Kh7 27. Re3 Nh4 28. Nxh4 Qxh4 29. Rf3 Rd8 {Grischuk,A (2764)-Martirosyan,H (2633) Chess.com INT 2022 0-1 (46)}) ({RR} 15. Nbd2 d5 16. exd5 Nxd5 17. c4 Ndf4 18. c5 Ba7 19. Bb2 exd4 20. Qc4 Qe7 21. Nb3 d3 22. Rxe6 fxe6 23. Re1 Rf8 24. Bd4 c6 25. b6 Bb8 26. Kf1 Kh7 27. Re3 Nh4 28. Nxh4 Qxh4 29. Rf3 Rd8 {Grischuk,A (2764)-Martirosyan,H (2633) Chess.com INT 2022 0-1 (46)}) 15... dxe5 16. c4 Nd7 17. Rd1 Qe8 18. Nc3 Rd8 19. Nd5 Nc5 20. Qc2 Ne7 21. Be3 Nd7 22. c5 Nxd5 23. exd5 Rg6 24. cxb6 Nxb6 25. Bxb6 cxb6 26. Qc7 e4 27. Nh4 Rgd6 28. Nf5 R6d7 29. Qxb6 Rxd5 30. Rxd5 Rxd5 31. Ne3 Rd7 32. Rc1 Qe7 33. Qxa5 g6 34. Rc8+ Kh7 35. Qc3 Rd8 36. Rc7 Rd7 37. b6 Qe6 38. Rxd7 Qxd7 39. Qc7 Qxa4 40. Qxf7+ Kh8 41. Qf6+ Kh7 42. Ng4 h5 43. Ne5 Qe8 44. h4 Kh6 45. Nf7+ Kh7 46. Nd6 Qd7 47. Nxe4 Qe8 48. Ng5+ Kh6 49. Qf7 Qe1+ 50. Kh2 Qe5+ 51. f4 Qh8 52. Qxb7 Qg7 53. Qxg7+ Kxg7 54. b7 Kf6 55. b8=Q Ke7 56. Qc7+ Ke8 57. Qf7+ Kd8 58. Ne6+ Kc8 59. Qc7# 1-0

[Event "Campeonato Estadual de Mestres do  RJ 2"]
[Site "ALEX"]
[Date "2025.06.21"]
[Round "3.10"]
[White "Franca, Joao Vitor Da Silva"]
[Black "Laba, Otavio De Souza"]
[Result "1-0"]
[WhiteElo "1795"]
[BlackElo "1905"]
[Annotator "CB - RR"]
[PlyCount "63"]
[EventDate "2025.06.19"]
[EventRounds "6"]
[EventCountry "BRA"]

1. e4 c5 2. Nf3 e6 3. c4 Nc6 4. Nc3 a6 5. Be2 Nf6 6. O-O Be7 7. d4 cxd4 8. Nxd4 Qc7 9. Be3 O-O 10. Rc1 b6 ({RR} 10... Qb8 11. Nxc6 dxc6 12. f4 e5 13. f5 Rd8 14. Qc2 b5 15. Rfd1 Bd7 16. c5 a5 17. a3 Qc7 18. b4 Be8 19. Rxd8 Rxd8 20. Rd1 Ra8 21. g4 h6 22. h3 Nh7 23. Kg2 Bg5 24. Bxg5 Nxg5 25. h4 {Perske,T (2442)-Hansen,E (2606) Chess.com INT 2022 ½-½ (55)}) ({RR} 10... Qa5 11. Nb3 Qd8 12. f4 d6 13. Kh1 Bd7 14. Qd2 Rc8 15. Rfd1 h6 16. c5 dxc5 17. Nxc5 Bxc5 18. Bxc5 Re8 19. e5 Nd5 20. Nxd5 exd5 21. Qxd5 Be6 22. Qxd8 Rexd8 23. b3 Rxd1+ 24. Rxd1 Nxe5 25. b4 {Cuervo Velasquez,J (1879)-Garmendia Vega,G (1987) Medellin COL 2024 ½-½ (48)}) 11. f4 Bb7 12. Bf3 $146 ({RR} 12. Nb3 Rab8 13. Bd3 d6 14. Qe2 Nd7 15. Bb1 Nc5 16. Nd2 Bf6 17. Qh5 Bd4 18. Bxd4 Nxd4 19. Nf3 Nxf3+ 20. Rxf3 b5 21. Rh3 h6 22. Rg3 Kh8 23. f5 exf5 24. Qxf5 bxc4 25. Nd5 Bxd5 26. exd5 g6 {Styazhkina,A (1973)-Dobronravina,A (1614) St Constantin and Helena 2010 1-0 (33)}) 12... e5 13. Nde2 Bc5 14. Bxc5 bxc5 15. Nd5 Qd8 16. Nxf6+ gxf6 17. Bg4 Nd4 18. Nxd4 exd4 19. Bf5 Re8 20. Qh5 Kf8 21. Qh6+ Ke7 22. e5 Qb6 23. Rce1 Rg8 24. g3 Qxb2 25. Qxf6+ Ke8 26. Rf2 Qc3 27. Bxd7+ Kxd7 28. e6+ Kc7 29. Qe5+ Kb6 30. Rb1+ Ka7 31. Qxc5+ Kb8 32. Qd6+ 1-0

[Event "Campeonato Estadual de Mestres do  RJ 2"]
[Site "ALEX"]
[Date "2025.06.21"]
[Round "3.11"]
[White "Da Silva, Joao Pedro Lins Mat"]
[Black "Cardoso, Rafaela Martins"]
[Result "1/2-1/2"]
[WhiteElo "1913"]
[BlackElo "1585"]
[Annotator "CB - RR"]
[PlyCount "100"]
[EventDate "2025.06.19"]
[EventRounds "6"]
[EventCountry "BRA"]

1. e4 c5 2. Nf3 d6 3. d3 Nf6 4. g3 g6 5. Bg2 Bg7 6. O-O O-O 7. Nc3 Nc6 8. Re1 Rb8 9. d4 $146 ({RR} 9. e5 dxe5 10. Nxe5 Nxe5 11. Rxe5 b6 12. Bf4 Nd7 13. Re2 e5 14. Bd2 Bb7 15. Qf1 Qc7 16. Nd5 Qd6 17. Nc3 Bxg2 18. Qxg2 Rbe8 19. Rae1 Nb8 20. f4 Nc6 21. fxe5 Bxe5 22. Bf4 Bd4+ 23. Kh1 Qd7 {Robertson,I (2105)-Kafka,G (2005) Aberdeen 2002 ½-½ (36)}) ({RR} 9. a4 a6 10. e5 dxe5 11. Nxe5 Nd4 12. a5 Be6 13. h3 Nd5 14. Nxd5 Bxd5 15. Nf3 e6 16. h4 h6 17. Bf4 Rc8 18. c3 Nb3 19. Ra3 Nxa5 20. Qc1 Kh7 21. Qc2 Nc6 22. Ra4 Qd7 23. h5 g5 {Mamedov,R (2637)-Nepomniachtchi,I (2755) Shusha AZE 2024 ½-½ (44)}) ({RR} 9. a4 a6 10. e5 dxe5 11. Nxe5 Nxe5 12. Rxe5 Nd7 13. Re1 e5 14. a5 h6 15. Ne4 Qc7 16. c4 b6 17. axb6 Qxb6 18. Qa4 Nf6 19. Qa5 Nxe4 20. Bxe4 f5 21. Bd5+ Kh7 22. Qxb6 Rxb6 23. Be3 Rxb2 {Mamedov,R (2657)-Hanache,K (2149) London ENG 2025 1-0 (103)}) ({RR} 9. Rb1 b5 10. Bg5 Be6 11. a3 Qb6 12. Bxf6 Bxf6 13. Nd5 Bxd5 14. exd5 Ne5 15. c3 b4 16. axb4 cxb4 17. Nxe5 Bxe5 18. c4 b3 19. Qd2 Qb4 20. Qxb4 Rxb4 21. f4 Bf6 22. Bh3 Ra4 23. g4 Ra2 {Arruda Filho,I (1775)-De Souza Monteiro,M (1974) Santarem 2017 0-1}) ({RR} 9. Be3 Ng4 10. a3 Nxe3 11. Rxe3 Bg4 12. Re1 b5 13. Ne2 Bxb2 14. Ra2 Bg7 15. Nd2 Qc7 16. h3 Be6 17. c4 Ne5 18. Qc2 a5 19. Rb1 bxc4 20. Rxb8 Rxb8 21. Nxc4 Qa7 22. f4 Nxc4 23. dxc4 Qa6 {Jordao Barbosa,M-Oliveira,R (1768) Macaiba 2007 0-1}) 9... cxd4 10. Nxd4 Bd7 11. Nde2 a6 12. h3 b5 13. Be3 b4 14. Nd5 Nxd5 15. exd5 Na5 16. Bd4 Qc8 17. Kh2 Nc4 18. Bxg7 Kxg7 19. b3 Na3 20. Rc1 Nb5 21. c4 bxc3 22. Nxc3 Nxc3 23. Qd4+ Kg8 24. Rxc3 Qd8 25. Rce3 Re8 26. Re4 Bf5 27. Rh4 a5 28. Qd2 e5 29. Qh6 Qf6 30. Qxh7+ Kf8 31. Qh8+ Qxh8 32. Rxh8+ Kg7 33. Rxe8 Rxe8 34. Rc1 Bd3 35. Rc6 e4 36. Rxd6 e3 37. fxe3 Rxe3 38. Rc6 Re2 39. Kg1 Rxa2 40. Rc5 Bf5 41. g4 Bd7 42. d6 Rd2 43. Bd5 Rd3 44. Rxa5 Rxh3 45. Ra7 Rd3 46. Rxd7 Rxd5 47. Kf2 Kf6 48. Ke3 Ke6 49. Re7+ Kf6 50. Rd7 Ke6 1/2-1/2

[Event "Campeonato Estadual de Mestres do  RJ 2"]
[Site "ALEX"]
[Date "2025.06.21"]
[Round "3.12"]
[White "Da Silva, Pedro Oliveira"]
[Black "Borensztein, Leo"]
[Result "1-0"]
[WhiteElo "1656"]
[BlackElo "1800"]
[Annotator "CB - RR"]
[PlyCount "91"]
[EventDate "2025.06.19"]
[EventRounds "6"]
[EventCountry "BRA"]

1. e4 c5 2. Nc3 Nc6 3. f4 d6 4. Nf3 Bg4 5. h3 Bxf3 6. Qxf3 Nd4 ({RR} 6... g6 7. Bb5 Rc8 8. O-O Bg7 9. d3 a6 10. Bxc6+ Rxc6 11. Be3 Nf6 12. e5 Nd7 13. exd6 exd6 14. f5 O-O 15. Nd5 Bxb2 16. Rab1 Bd4 17. Bxd4 cxd4 18. Rxb7 Rxc2 19. Rxd7 Qg5 20. fxg6 hxg6 21. Rxf7 {Fernandez Hernandez,A (2308)-Derjabin,I (2333) chess.com INT 2023 1-0}) 7. Qd1 ({RR} 7. Qd3 a6 8. Ne2 Nc6 9. c3 e6 10. g3 Nf6 11. Bg2 d5 12. exd5 exd5 13. O-O Be7 14. Qf3 O-O 15. d3 d4 16. c4 {½-½ (16) Fahrner,K (2290)-Lendwai,R (2405) Graz 1991}) 7... Nf6 8. Bc4 e6 $146 ({RR} 8... g6 9. a3 Bg7 10. d3 e6 11. Be3 b5 12. Ba2 O-O 13. Qd2 Nh5 14. O-O-O b4 15. Ne2 Nxe2+ 16. Qxe2 bxa3 17. Qf2 Bxb2+ 18. Kd2 Qa5+ 19. Ke2 Rab8 20. g4 Ng7 21. f5 Bd4 22. Bxd4 cxd4 23. f6 {Levesque,A (1418)-Duret,S (1021) Gatineau 2008 1-0 (32)}) 9. d3 Be7 10. O-O O-O 11. Ne2 Nxe2+ 12. Qxe2 d5 13. Bb3 c4 14. e5 cxb3 15. exf6 Bc5+ 16. Kh1 Qxf6 17. axb3 Rac8 18. c3 a6 19. d4 Ba7 20. Bd2 Qd8 21. Rf3 Qb6 22. b4 Bb8 23. Rg3 Qc7 24. Rf1 Kh8 25. Qh5 f5 26. Re3 Rfe8 27. Qe2 Qf7 28. Be1 b5 29. Bg3 Re7 30. Bh4 Ree8 31. Re1 Bxf4 32. Rxe6 Rxe6 33. Qxe6 Qxe6 34. Rxe6 Ra8 35. Kg1 g5 36. Be1 a5 37. Rb6 axb4 38. Rxb5 bxc3 39. Bxc3 Bg3 40. Kf1 Rd8 41. Ke2 Kg7 42. Kf3 Bf4 43. g3 Bc1 44. Rb7+ Kg6 45. Rb6+ Kh5 46. g4+ 1-0